000 01874nam0a2200337 4500
001 RU\NLR\BIBL_A\011853206
005 20181205150317.0
010 _a978-5-7389-2530-6
_9500
021 _aRU
_bКН-П-18-074817
_9КН-П-18-5407
035 _a(NLR Aleph) 011853206
035 _a(RuMoRGB)009766484
090 _a12113144
_c12113144
100 _a20181102d2018 k y0rusy50 ca
101 0 _arus
102 _aRU
105 _aab||z|||000zy
200 1 _aПовышение эффективности работы городского пассажирского транспорта муниципального образования
_eмонография
_fА.С. Рыжова, П.П. Володькин
_gМинистерство образования и науки Российской Федерации, Федеральное государственное бюджетное образовательное учреждение высшего образования "Тихоокеанский государственный университет"
210 _aХабаровск
_cИзд-во ТОГУ
_d2018
215 _a163 с.
_cил., табл., карт.
_d21
320 _aБиблиогр.: с. 155-163 (60 назв.)
606 1 _aГородской пассажирский транспорт
_xОрганизация работы
_92257667
_3RU\NLR\AUTH\661353875
606 1 _aГородской пассажирский транспорт
_xУправление
_92346616
_3RU\NLR\AUTH\661402279
686 1 _aО808
686 1 _aУ44(2)135.4-21
700 1 _aРыжова
_bА. С.
_gАлександра Сергеевна
701 1 _aВолодькин
_bП. П.
_gПавел Павлович
942 _cBOOK
980 _aNBR
980 _aNB